| 000 -LEADER |
| fixed length control field |
00292nam a2200097Ia 4500 |
| 008 - FIXED-LENGTH DATA ELEMENTS--GENERAL INFORMATION |
| fixed length control field |
210107s9999 xx 000 0 und d |
| 100 ## - MAIN ENTRY--PERSONAL NAME |
| Personal name |
Thomas, B.J. and Roach, D.K. |
| 245 #0 - TITLE STATEMENT |
| Title |
Management of Port maintemance: A review of current problems and practices |
| 260 ## - PUBLICATION, DISTRIBUTION, ETC. |
| Place of publication, distribution, etc. |
London |
| Name of publisher, distributor, etc. |
HMSO |
| 942 ## - ADDED ENTRY ELEMENTS (KOHA) |
| Koha item type |
Books |